| 000 | 00435nam a2200133Ia 4500 | ||
|---|---|---|---|
| 008 | 201002s9999 xx 000 0 und d | ||
| 020 | _a978-178-592-323-4 | ||
| 100 | _aEdited by: Alper, Joanne | ||
| 245 |
_cEdited by:Joanne Alper _aSupporting birth parents whose children have been adopted/ |
||
| 260 |
_aLondon: _bJessica Kingsley Publishers _c2019 |
||
| 300 |
_a208 pages _c22 cm. |
||
| 650 | _aAdaptive parents | ||
| 650 | _aAdoption | ||
| 999 |
_c364677 _d364677 |
||